|
|
|
|
| LEADER |
01016nam a2200193 i 4500 |
| 003 |
GR-PaULI |
| 005 |
20230627102337.0 |
| 008 |
050117t1997 gr g 000 0 gre d |
| 040 |
|
|
|a GrPaTEI
|b gre
|c GR-PaULI
|e AACR2
|
| 082 |
0 |
4 |
|a 616.1
|2 23
|
| 100 |
1 |
|
|a Τούτουζας, Παύλος Κ.,
|9 32174
|d 1935-
|e συγγραφέας.
|
| 245 |
1 |
3 |
|a Οι δρόμοι της καρδιάς :
|b επιστροφή /
|c Παύλος Τούτουζας.
|
| 260 |
|
|
|a Αθήνα :
|b Κάκτος,
|c c1997.
|
| 300 |
|
|
|a 193 σ. ;
|c 21 εκ.
|
| 650 |
|
4 |
|a Καρδιολογία
|9 2831
|
| 942 |
|
|
|2 ddc
|c BK
|
| 952 |
|
|
|0 0
|1 0
|2 ddc
|4 0
|6 616_100000000000000_ΤΟΥ
|7 0
|9 298428
|a LISK
|b LISK
|c BSC
|d 2021-01-17
|e 24
|f 0
|g 0.00
|l 0
|o 616.1 ΤΟΥ
|p 92410024934
|r 2021-01-17 00:00:00
|t 1
|w 2021-01-17
|y BK15
|x 20050117 0 1
|x GrPaTEI
|
| 952 |
|
|
|0 0
|1 0
|2 ddc
|4 0
|6 616_100000000000000_ΤΟΥ
|7 0
|9 372965
|a LISP
|b LISP
|c DON
|d 2023-06-27
|e ΠΑΠ
|i 258873
|l 0
|o 616.1 ΤΟΥ
|p 025000296197
|r 2023-06-27 00:00:00
|t 2
|w 2023-06-27
|y BK15
|z ανατύπωση 1995.
|
| 999 |
|
|
|c 173677
|d 173677
|